00000000nam 2200000zi 4500
0019.947441
003CaOODSP
00520250128111459
006m     o  d f      
007cr |n ||||||||
008250128t20082008onc     o    f000 0 eng d
020 |z9780660634111
040 |aCaOODSP|beng|erda|cCaOODSP
041 |aeng|afre
043 |an-cn-nf|an-cnm--|aIn-----
0861 |aFs73-2008/1-PDF|zFs 73-2008/1
24500|aCanadian tide and current tables 2008. |nVolume 1, |pAtlantic Coast and Bay of Fundy = Tables des marées et courants du Canada, 2008, volume 1, Côte de l'Atlantique et baie de Fundy.
24611|aTables des marées et courants du Canada, 2008. |nVolume 1, |pCôte de l'Atlantique et baie de Fundy
264 1|aOttawa : |bFisheries and Oceans Canada = Pêches et océans Canada, |c2008.
264 4|c©2008.
300 |a1 online resource (93 pages)
336 |atext|btxt|2rdacontent
337 |acomputer|bc|2rdamedia
338 |aonline resource|bcr|2rdacarrier
500 |aDigitized edition from print [produced by Government of Canada Publications Directorate].
500 |a"Published under the authority of the Canadian Hyrographic Service, Fisheries and Oceans Canada."
546 |aText in English and in French.
650 0|aTides|zAtlantic Coast (Canada)|vTables.
650 0|aTides|zFundy, Bay of|vTables.
650 0|aWater currents|zAtlantic Coast (Canada)
650 0|aWater currents|zFundy, Bay of.
7102 |aCanadian Hydrographic Service, |eissuing body
7760#|tAtlantic Coast and Bay of Fundy |w(CaOODSP)9.544734
788 |tCanadian tide and current tables 2008. |efre|w(CaOODSP)9.947444
85640|qPDF|s9973 KB|uhttps://publications.gc.ca/collections/collection_2025/mpo-dfo/Fs73-2008-1.pdf